Statystyki dla Polskie Miasta z Działającymi Systemami Tramwajowymi

Kliknij tutaj aby rozwiązać quiz!

Ogólne statystyki

  • Ten quiz został rozwiązany 2 204 razy
  • Średni wynik to 12 z 14

Statystyki odpowiedzi

WojewództwoMiasto% Poprawnych
MazowieckieWarszawa
99%
ŁódzkieŁódź
98%
PomorskieGdańsk
97%
MałopolskieKraków
97%
WielkopolskiePoznań
97%
DolnośląskieWrocław
97%
ZachodniopomorskieSzczecin
96%
Kujawsko-pomorskieBydgoszcz
94%
Kujawsko-pomorskieToruń
93%
Warmińsko-mazurskieOlsztyn
90%
LubuskieGorzów Wielkopolski
81%
Warmińsko-mazurskieElbląg
69%
ŚląskieCzęstochowa
66%
Kujawsko-pomorskieGrudziądz
53%

Rozkład punktacji

Percentyl według liczby udzielonych odpowiedzi

Procent ludzi z każdym wynikiem

Twoja historia wyników

Nie rozwiązałeś tego quizu